000
00231 a2200097 4500
001
48324
100
_a
Tanzel-ul-Rehman
245
_a
Majmogha Qawaneen Islam
260
_a
Islamabad
_b
Idra Tahkekat Islami
_c
090
_c
31273
_d
31273
942
_a
NUST-CAE
_c
M
_c
23640
999
_c
283397
_d
283397